00749nam a2200169 a 4500003000200000005001700002008004100019050003700060100003200097245012600129260009000255300004000345504004100385600003700426650005600463650006000519020250213090336.0130905s19uu xx 00 eng d aPHS DS 135.N6.F7335b.Ah286 2012 aAhmed, Shereen Ahmed Moosa. aAnne Frank's perspective to racial intolerance and persecution of Jews during the holocaust /cShereen Ahmed Moosa Ahmed. aLas Piñas City, Philippines :bSouthville International School and Colleges,c2012. a39 pages :billustrations ;c28 cm. aIncludes bibliographical references. aFrank, Anned1929-1945vDiaries. aHolocaust, Jewish (1939-1945)vPersonal narratives. aJewsvPersecutionszNetherlandsxHistoryy20th century.